| 000 | 01152nam a2200325 a 4500 | ||
|---|---|---|---|
| 001 | 000113578 | ||
| 003 | CHAP | ||
| 005 | 20220329144402.0 | ||
| 008 | 170804s2016 mx a fsm |||||||spa d | ||
| 010 | _a110039 | ||
| 011 | _a111011 | ||
| 040 | _cCHAP | ||
| 090 | _aTesis | ||
| 100 | 1 |
_aCessa Flores, Estela _921652 |
|
| 245 | 1 | 0 |
_aHacia una definición del modo de vida campesino _h[En línea] _bestrategias socio-productivas en la región de Huatusco / _cpor Estela Cessa Flores. |
| 260 |
_aChapingo, Méx. : _bEl autor, _c2016. |
||
| 500 | _aPara ver el contenido del material haga clic en la liga | ||
| 502 | _aTesis (Ph.D. en Ciencias Agrarias) -- UACH. Departamento Sociología Rural | ||
| 590 |
_aBATCH _b00 _c20181121 _lUCH01 _h0759 |
||
| 590 |
_aE6096MTM _b05 _c20170804 _lUCH01 _h1451 |
||
| 590 |
_aE6096MTM _b05 _c20170804 _lUCH01 _h1455 |
||
| 650 | 1 | 4 |
_aAgricultura tradicional. _92029 |
| 650 | 1 | 4 |
_aCampesinado _xCondiciones sociales. _9130532 |
| 650 | 1 | 4 |
_aVida rural. _9119152 |
| 856 |
_a1 _n0001536 |
||
| 856 |
_aFinding aid _uhttp://10.13.5.2/tesis/sist113578.pdf _zTeclea aquí |
||
| 901 | _aBK | ||
| 942 | _cTESIS | ||
| 942 | _n0 | ||
| 999 |
_c110039 _d110039 |
||